000 00438nam a2200157Ia 4500
008 210210b1980 xxu||||| |||| 00| 0 eng d
082 _a621.381 RAML
100 _aRAMALLINGOM (T)
245 _aLaboratory course in electronics.
260 _aNew Delhi.
_bOxford & IBH Publishing Co.,
_c1980
300 _axi,243
650 _aElectronics Laboratory Course
690 _aElectronics
700 _aRAGHUPALAN (P).
906 _aSG01977
999 _c113508
_d113508